Deutschland nach Buchstabe - X und Y - Statistiken

Allgemein
  • Dieses Quiz wurde 56 mal gespielt
  • Das Durchschnittsergebnis liegt bei 5 aus 14
Antwortstatistiken
Hinwei Antwort % Korrekt
Stadt am Niederrhein mit Archäologischem Römerpark, laut Nibelungenlied Geburtsort von Siegfried Xanten
98%
Soulsänger (Dieser Weg, Ich kenne nichts) und Verschwörungstheoretiker (Vorname mit X) Xavier Naidoo
84%
Schauspielerin (GZSZ, Wolfsland), Sängerin (Für dich) und The Voice Jurorin (Vorname mit Y) Yvonne Catterfeld
78%
Bei dieser Stadt in Flandern fand eine große Schlacht im Ersten Weltkrieg statt, bei der die Deutsche Armee zum ersten Mal Giftgas einsetzte Ypern
49%
Ehemaliges Magazin, welches immer ein Gimmick enthielt Yps
49%
Rapper, Labelchef (Alles oder Nix), dessen Leben in Rheingold verfilmt wurde Xatar
39%
Deutsches Job-Social-Network, alternative zu LinkedIn XING
35%
Strom- und Gasanbieter, Tochtergesellschaft der EnBW Yello Strom
20%
Journalist (zZ. Welt), eh. Redakteur der Taz und PEN-Deutschland-Präsident, 2017-2018 in der Türkei inhaftiert Deniz Yücel
14%
Politikerin und Gewerkschaftlerin, SPD-Generalsekretärin (2014-2015), aktuell Vorsitzende des DGB (Vorname mit Y) Yasmin Fahimi
14%
Befehlshaber der Preußischen Armee bei der Vielvölkerschlacht von Leipzig gegen Napoleon, Marsch von Beethoven nach ihm benannt Ludwig Yorck von Wartenburg
12%
Journalistisches funk-Format auf YouTube Y-Kollektiv
8%
NDR-Moderator (Land und Liebe, Mein Nachmittag) (Vorname mit Y) Yared Dibaba
4%
1929 in Kraft getretener Plan zur Tilgung der deutschen Reperationsschulden des Ersten Weltkrieges, wurde 1931 wieder ausgesetzt Young-Plan
4%
Keine übereinstimmenden Quizze gefunden
Verteilung der Resultate
Anzahl Personen mit jedem Resultat
Perzentil nach korrekt beantworteten Fragen
Ihre Resultats-Entwicklung
Sie haben dieses Quiz noch nicht gespielt